Αντιγραφείς και φιλόλογοι : το ιστορικό της παράδοσης των κλασικών κειμένων
Αποθηκεύτηκε σε:
| Κύριος συγγραφέας: | |
|---|---|
| Άλλοι συγγραφείς: | , |
| Μορφή: | Βιβλίο |
| Γλώσσα: | Greek |
| Δημοσίευση: |
Αθήνα :
Μορφωτικό Ιδρυμα Εθνικής Τραπέζης,
1989
|
| Θέματα: | |
| Ετικέτες: |
Προσθήκη ετικέτας
Δεν υπάρχουν, Καταχωρήστε ετικέτα πρώτοι!
|
MARC
| LEADER | 00000cam a2200000 i 4500 | ||
|---|---|---|---|
| 001 | 1/78428 | ||
| 008 | 960821s1989 gre d | ||
| 035 | |a 1993 |b 1 |c Σκούρτου |l 10032921 | ||
| 040 | |a GR-MY-UA |b gre |e aacr | ||
| 041 | 0 | |a gre | |
| 082 | 0 | |a 001.2 | |
| 100 | 1 | |a Reynolds, L. D. |q (Leighton Durham) | |
| 245 | 1 | 0 | |a Αντιγραφείς και φιλόλογοι : |b το ιστορικό της παράδοσης των κλασικών κειμένων / |c L.D. Reynolds, N.G. Wilson ; μετάφραση Νικολάου Μ. Παναγιωτάκη |
| 260 | |a Αθήνα : |b Μορφωτικό Ιδρυμα Εθνικής Τραπέζης, |c 1989 | ||
| 300 | |a 347 σ.; |c 24 εκ. | ||
| 500 | |a Το Παράρτημα Ρόδου διαθέτει την 2η έκδ. [ανατύπωση] 1989 | ||
| 500 | |a Το Παράρτημα Λέσβου διαθέτει την 1η ανατύπωση 1981 | ||
| 650 | 0 | 0 | |a Classical literature |x Criticism, Textual. |
| 650 | 0 | 0 | |a Classical literature |x Manuscripts. |
| 650 | 0 | 0 | |a Learning and scholarship |x History. |
| 650 | 0 | 0 | |a Manuscripts, Renaissance. |
| 650 | 0 | 0 | |a Manuscripts, Medieval. |
| 650 | 0 | 0 | |a Transmission of texts. |
| 650 | 0 | 0 | |a Scriptoria |x History. |
| 700 | 1 | |a Wilson, N. G. | |
| 700 | 1 | |4 trl |a Παναγιωτάκης, Νικόλαος Μ., |d 1935-1997. | |
| 852 | |a INST |b LESVOS |e 20100429 |h 001.2 REY |p 005100047110 |q 005100047110 |t BK |y 0 | ||
| 852 | |a INST |b RHODES |e 19960821 |h 001.2 REY |p 005400009851 |q 005400009851 |t BK |y 0 | ||
| 901 | |a BIBL1-2010-1 | ||
| 909 | |a Ρ |b 025612 |c 1993 | ||
| 909 | |a Λ |b 163159 | ||